UITU Library & LRC     

Carex Appointments System (Record no. 33462)

MARC details
000 -LEADER
fixed length control field 00605nam a2200145Ia 4500
008 - FIXED-LENGTH DATA ELEMENTS--GENERAL INFORMATION
fixed length control field 260210s9999 xx 000 0 und d
024 ## - OTHER STANDARD IDENTIFIER
Standard number or code 17B-085-SE, 17B-093-SE, 17B-095-SE, 17B-103-SE & 17B-128-SE
082 ## - DEWEY DECIMAL CLASSIFICATION NUMBER
Classification number 006.9072 MUB
100 ## - MAIN ENTRY--PERSONAL NAME
Personal name Mubashir Ahmed, Muhammad Ali, Shaheer Bin Afaq, Syeda Zunaira Ahmed & Hamza Anwer
245 #0 - TITLE STATEMENT
Title Carex Appointments System
260 ## - PUBLICATION, DISTRIBUTION, ETC.
Place of publication, distribution, etc. Karachi:
Name of publisher, distributor, etc. UITU,
Date of publication, distribution, etc. 2017
600 ## - SUBJECT ADDED ENTRY--PERSONAL NAME
Personal name Software Engineering
650 ## - SUBJECT ADDED ENTRY--TOPICAL TERM
Topical term or geographic name entry element Bachelor of Computer Science (BS)
856 ## - ELECTRONIC LOCATION AND ACCESS
Uniform Resource Identifier <a href="https://drive.google.com/file/d/17DdiZNnWg9mBKUrZdt3ICxNKLjXjbC2b/view?usp=sharing">https://drive.google.com/file/d/17DdiZNnWg9mBKUrZdt3ICxNKLjXjbC2b/view?usp=sharing</a>
Link text Click here for PDF

No items available.

Powered by Koha